BIOCHEMISTRY (Record no. 15525)

MARC details
000 -LEADER
fixed length control field 00335nam a22001577a 4500
003 - CONTROL NUMBER IDENTIFIER
control field SGT
020 ## - INTERNATIONAL STANDARD BOOK NUMBER
International Standard Book Number 978-81-312-4885-0
082 ## - DEWEY DECIMAL CLASSIFICATION NUMBER
Classification number 615.015
Item number B17S
100 ## - MAIN ENTRY--PERSONAL NAME
Personal name SATYANARAYANA,V.
245 ## - TITLE STATEMENT
Title BIOCHEMISTRY
250 ## - EDITION STATEMENT
Edition statement 5TH
260 ## - PUBLICATION, DISTRIBUTION, ETC. (IMPRINT)
Place of publication, distribution, etc KOLKATA
Name of publisher, distributor, etc ELSEVIER PUB
Year of Publication 2017
300 ## - PAGE DESCRIPTION
No. of Pages 2017
650 ## - SUBJECT ADDED ENTRY--TOPICAL TERM
Topical term or geographic name as entry element PHARMACY
942 ## - ADDED ENTRY ELEMENTS (KOHA)
Source of classification or shelving scheme Dewey Decimal Classification
Koha item type Books
942 ## - ADDED ENTRY ELEMENTS (KOHA)
-- 49
Holdings
Withdrawn status Lost status Source of classification or shelving scheme Damaged status Not for loan Collection code Home library Current library Shelving location Date acquired Vendor Name Cost, normal purchase price SGTU Bill Number Total Checkouts Full call number Accession No. (Barcode) Date last seen Date last borrowed Bill Date Koha item type
    Dewey Decimal Classification     PHARMACY SGT FA-FP Library SGT FA-FP Library Text Book 28/05/2018 AHUJA PUB 1325.00 SGTU 9734 14 615.015 B17S FP2851 17/04/2026 25/03/2026 15/05/2018 Books
    Dewey Decimal Classification     PHARMACY SGT FA-FP Library SGT FA-FP Library Text Book 28/05/2018 AHUJA PUB 1325.00 SGTU 9734 24 615.015 B17S FP2852 05/12/2025 22/11/2025 15/05/2018 Books
    Dewey Decimal Classification     PHARMACY SGT FA-FP Library SGT FA-FP Library Text Book 28/05/2018 AHUJA PUB 1325.00 SGTU 9734 39 615.015 B17S FP2853 24/02/2026 02/02/2026 15/05/2018 Books
    Dewey Decimal Classification     PHARMACY SGT FA-FP Library SGT FA-FP Library Text Book 28/05/2018 AHUJA PUB 1325.00 SGTU 9734 20 615.015 B17S FP2854 31/03/2026 17/03/2026 15/05/2018 Books
    Dewey Decimal Classification     PHARMACY SGT FA-FP Library SGT FA-FP Library Text Book 28/05/2018 AHUJA PUB 1325.00 SGTU 9734 28 615.015 B17S FP2855 21/01/2026 08/01/2026 15/05/2018 Books